|
|
|
|
| LEADER |
01079nam a22002898a 4500 |
| 001 |
00046016 |
| 005 |
20201203081221.0 |
| 008 |
181029s2018####-vm#################vie|d |
| 020 |
# |
# |
|c 199000
|a 9786047778232
|
| 041 |
0 |
# |
|a vie
|
| 082 |
1 |
4 |
|a 428
|b H101I
|
| 110 |
# |
# |
|a Nhóm dịch DHL
|
| 245 |
1 |
0 |
|a Hackers IELTS speaking
|c Nhóm dịch DHL; Trần Hồng Lê (h.đ.)
|b Bộ sách luyện thi IELTS đầu tiên có kèm giải thích đáp án chi tiết và hướng dẫn cách tự nâng band điểm
|
| 250 |
# |
# |
|a Tái bản lần thứ hai
|
| 260 |
# |
# |
|a Hà Nội
|b Thế giới; Công ty Cổ phần Sách Alpha
|c 2020
|
| 300 |
# |
# |
|a 371 tr.
|c 24 cm
|
| 653 |
# |
# |
|a IELTS
|
| 653 |
# |
# |
|a Tự học
|
| 653 |
# |
# |
|a Tiếng Anh
|
| 653 |
# |
# |
|a Ngôn gnữ
|
| 653 |
# |
# |
|a Kỹ năng nói
|
| 700 |
1 |
# |
|a Trần, Hồng Lê
|e Hiệu đính
|
| 700 |
1 |
# |
|a Hudson, Russ
|
| 852 |
# |
# |
|j KD.0027560
|
| 910 |
# |
# |
|d 30/11/2020
|
| 980 |
# |
# |
|a Trung tâm Học liệu Lê Vũ Hùng, Trường Đại học Đồng Tháp
|